Globalization and its socio-economic consequences proceedings
Salvato in:
| Enti autori: | , |
|---|---|
| Altri autori: | , , |
| Natura: | Libro |
| Lingua: | inglese |
| Pubblicazione: |
Žilina
University of Žilina
2017
|
| Edizione: | 1st ed. |
| Soggetti: | |
| Tags: |
Nessun Tag, puoi essere il primo ad aggiungerne!!
|
MARC
| LEADER | 00000nlm a2200000 4500 | ||
|---|---|---|---|
| 001 | 0238696 | ||
| 005 | 20240515114201.4 | ||
| 020 | |a 978-80-8154-212-1 | ||
| 041 | 0 | |a eng | |
| 044 | |a SK | ||
| 245 | 1 | 0 | |a Globalization and its socio-economic consequences |b proceedings |c edited by: Tomáš Klieštik ; reviewed by: Viera Bartošová ... [et al.] |
| 250 | |a 1st ed. | ||
| 264 | 1 | |a Žilina |b University of Žilina |c 2017 | |
| 300 | |a online [3122 s.] | ||
| 610 | 2 | 0 | |a účtovníctvo |
| 610 | 2 | 0 | |a manažment |
| 610 | 2 | 0 | |a bankovníctvo |
| 610 | 2 | 0 | |a poisťovníctvo |
| 610 | 2 | 0 | |a podnikanie |
| 610 | 2 | 0 | |a ekonómia |
| 610 | 2 | 0 | |a marketing |
| 610 | 2 | 0 | |a financie |
| 610 | 2 | 0 | |a zdroje ľudské |
| 610 | 2 | 0 | |a právo |
| 610 | 2 | 0 | |a správa verejná |
| 610 | 2 | 0 | |a dane |
| 610 | 2 | 0 | |a technológie nové |
| 610 | 2 | 0 | |a ruch cestovný |
| 610 | 2 | 0 | |a doprava |
| 610 | 2 | 0 | |a globalizácia |
| 700 | 1 | |a Klieštik, Tomáš | |
| 700 | 1 | |a Bartošová, Viera | |
| 700 | 1 | |a Belás, Jaroslav | |
| 110 | 2 | |a Globalization and its socio-economic consequences. International scientific conference | |
| 710 | 2 | |a Fakulta prevádzky a ekonomiky dopravy a spojov Žilinskej univerzity. Katedra ekonomiky | |